000 00847cam a2200205 i 4500
005 20251215112306.0
008 250721s1999 le gr 000 0 ara d
082 1 4 _a216.9
_bص ا ل
100 1 _aالصالح، صبحي
_eمؤلف.
245 3 1 _aالنظم الإسلامية :
_bنشأتها وتطورها /
_cتأليف الدكتور صبحي الصالح.
250 _aالطبعة الثانية عشرة.
264 3 1 _aبيروت :
_bدار العلم للملايين مؤسسة ثقافية للتاليف والترجمة والنشر،
_c1999.
300 _a576 صفحة.
650 1 7 _aالفقه الإسلامي.
650 1 7 _aالأحكام السلطانية.
650 1 7 _aالأنظمة السياسية.
650 1 7 _aالأنظمة الإقتصادية.
942 _2ddc
_cBK
999 _c2607
_d2607